书目信息 |
| 题名: |
法律知识有奖竞赛试题答案集锦
|
|
| 作者: | 王启业 , 庞战秋 编 | |
| 分册: | ||
| 出版信息: | 长春 吉林人民出版社 1987 |
|
| 页数: | 213页 | |
| 开本: | 19cm | |
| 丛书名: | ||
| 单 册: | ||
| 中图分类: | D92-44 | |
| 科图分类: | ||
| 主题词: | 法律-竞赛题--中国 , 竞赛题-法律--中国 | |
| 电子资源: | ||
| ISBN: | 6091.62 | |
| 000 | 00732nam0 2200253 450 | |
| 001 | 0187202999 | |
| 005 | 20130329124543.0 | |
| 010 | @a6091.62@dCNY1.20 | |
| 091 | @a6091.62 | |
| 100 | @a20130329d1987 em y0chiy0110 ea | |
| 101 | 0 | @achi |
| 102 | @aCN@b220000 | |
| 105 | @ay z 000yy | |
| 106 | @ar | |
| 200 | 1 | @a法律知识有奖竞赛试题答案集锦@9Fa Lu^ Zhi Shi;Zhi You Jiang Jing Sai Shi Ti Da An Ji Jin @f王启业,庞战秋编 |
| 210 | @a长春@c吉林人民出版社@d1987 | |
| 215 | @a213页@d19cm | |
| 606 | 0 | @a法律-竞赛题@y中国 |
| 606 | 0 | @a竞赛题-法律@y中国 |
| 690 | @aD92-44@v3 | |
| 701 | 0 | @a王启业@9wang qi ye@4编 |
| 701 | 0 | @a庞战秋@9pang zhan qiu@4编 |
| 801 | 0 | @aCN@b91MARC@c20130904 |
| 905 | @aBZT@dD92-44@e5@f1@sD92-44/5 | |
| 法律知识有奖竞赛试题答案集锦/王启业,庞战秋编.-长春:吉林人民出版社,1987 |
| 213页;19cm |
| ISBN 6091.62:CNY1.20 |
| ● |
| 相关链接 |
|
|
|
正题名:法律知识有奖竞赛试题答案集锦
索取号:D92-44/5
 
预约/预借
| 序号 | 登录号 | 条形码 | 馆藏地/架位号 | 状态 | 备注 |
| 1 | 2000078073 | 2000078073 | 旧书回溯/ [索取号:D92-44/5] | 在馆 |